[Event "Corus-C"]
[Site "Wijk aan Zee"]
[Date "2006.01.20"]
[Round "6"]
[White "Atalik, Suat"]
[Black "Marcelin, Cyril"]
[Result "1-0"]
[WhiteElo "2618"]
[BlackElo "2441"]
[Annotator "Atalik,S"]
[PlyCount "59"]
[EventDate "2006.01.14"]
[EventType "tourn"]
[EventRounds "13"]
[EventCountry "NED"]
[EventCategory "9"]
[SourceTitle "CBM 111"]
[Source "ChessBase"]
[SourceDate "2006.04.04"]
[SourceVersion "1"]
[SourceVersionDate "2006.04.04"]
[SourceQuality "1"]

1. d4 d5 2. c4 c6 3. Nf3 Nf6 4. Nc3 e6 5. e3 a6 $5 {Old Alekhine's move picked
up by Misha Gurevich these days.} 6. Qc2 $5 ({I have to learn some time the
popular line} 6. b3 Bb4 7. Bd2 O-O 8. Bd3 Nbd7 9. O-O $14) 6... c5 $1 7. cxd5
exd5 8. Be2 Nc6 9. Ne5 Qc7 10. Nxc6 Qxc6 $6 {Difficult to say why people
sometimes do go for a bad move like packs or flocks of animals.} (10... bxc6
11. O-O Bd6 12. h3 O-O $36 {like I have analised in the game from the firdt
round with Katia.}) 11. O-O cxd4 {This gave me some skepticism.} (11... Bd7 $16
{looked interesting during the game.Later I have tried this against Turov in
European Championship.}) ({However} 11... Be6 {looks like to be the move here.}
12. Bf3 cxd4 (12... Bd6 13. dxc5 Qxc5 14. Bd2 O-O 15. Rac1 Rac8 16. Qb1 Qb6 17.
Rfd1 $14) 13. exd4 Bb4 14. Re1 (14. Bg5 Ne4 15. Bxe4 Bxc3 16. bxc3 dxe4 17.
Rfe1 Rc8 18. Rxe4 O-O $44 {transposes to the main line.}) 14... Rc8 15. Bg5
Bxc3 16. bxc3 Ne4 17. Bxe4 dxe4 18. Rxe4 O-O 19. Re3 Bd5 $44) 12. exd4 Bb4 13.
Bd3 $1 O-O 14. f3 $1 ({Obviously not} 14. Bg5 Bxc3 15. bxc3 Ne4 $44 {which was
seen later in Iskusnykh-Bareev.}) 14... h6 (14... Bxc3 15. bxc3 {White has to
keep the queens in the game.} (15. Qxc3 Qxc3 16. bxc3 Bd7 $1 $11) 15... Bd7 $5
{is the last dim of activity by black.}) 15. Bf4 Nh5 {This is strangely not as
bad as I have tought in the game.} (15... Bxc3 $142 16. bxc3 Bd7) 16. Be5 {
I was in an agressive mood.} (16. Bd2 $14 {is also perfectly fine.}) 16... Bxc3
(16... f6 $6 17. Nxd5 Qxc2 18. Bxc2 fxe5 19. Nxb4 exd4 20. Bb3+ Kh8 21. Rad1
Rd8 22. Rfe1 $1 $40 (22. Nd5 Be6 23. Rxd4 Rd6 24. Rdd1 $1 Rad8 25. Nc3 Bxb3 26.
axb3 Nf4 27. Rxd6 Rxd6 28. g3 Ne6 $132)) 17. Qxc3 $1 {Now strangely this is
better than keeping the queens over the board.} (17. bxc3 $6 f6 18. Bg3 Nxg3
19. hxg3 Be6 $11) 17... Qxc3 18. bxc3 f6 $2 {An obvious mistake.} (18... Be6
$14) 19. Bd6 $1 Rd8 20. Bc7 Rd7 21. Ba5 Nf4 22. Bc2 Kf7 23. Rfe1 $16 Ng6 24.
Re3 $1 (24. Re8 $2 {looked genial during the game but I have refused it.} Ne7 (
24... Kxe8 $2 25. Bxg6+ Ke7 26. Re1+ Kd6 27. Be8 b6 28. Bb4+ Kc7 29. Bxd7 Bxd7
30. Re7 Rg8 $14) 25. Rh8 b5 26. Re1 Bb7 $11) 24... Ne7 25. Rae1 Nc6 26. Bb4 $1
Nxb4 27. cxb4 $16 {White is obviously on the top with his better structure
combined with the better bishop and e line control.} b6 28. Rc3 (28. Bb3 Bb7
29. Re6 b5) 28... g6 $4 $138 {6th rank decides the game quickly.} (28... Rd6 $8
29. Rc7+ Bd7 30. Bf5 $5 (30. Bd3 $16) 30... Re8 $1 31. Kf2 Rxe1 32. Kxe1 Ke8
33. Bxd7+ Rxd7 34. Rc6 Rb7 35. a4 Ke7 36. b5 axb5 37. axb5 $18) 29. Rc6 Bb7 30.
Rxb6 1-0

[Event "Subasic Memorial 3rd"]
[Site "Zenica"]
[Date "2004.12.07"]
[Round "4"]
[White "Drasko, Milan"]
[Black "Atalik, Suat"]
[Result "1/2-1/2"]
[WhiteElo "2486"]
[BlackElo "2541"]
[Annotator "Atalik,S"]
[PlyCount "102"]
[EventDate "2004.12.05"]
[EventType "tourn"]
[EventRounds "9"]
[EventCountry "BIH"]
[EventCategory "7"]
[SourceTitle "CBM 104"]
[Source "ChessBase"]
[SourceDate "2005.01.27"]
[SourceVersion "1"]
[SourceVersionDate "2005.01.27"]
[SourceQuality "1"]

1. d4 d5 2. c4 c6 3. e3 Nf6 4. Nc3 e6 {After some time I started to flirt with
Meran once again.} 5. Nf3 Nbd7 6. Qc2 Bd6 7. b3 {This line which is frequently
used by Drasko is absolutely toothless in my opinion.} O-O 8. Be2 b6 $1 (8...
dxc4 9. bxc4 e5 10. O-O $14 {gives white the type of play he wants to have.})
9. O-O Bb7 10. Bb2 ({I was sure that he would never go} 10. e4 dxe4 11. Nxe4
Nxe4 12. Qxe4 Nf6 13. Qh4 c5 14. dxc5 Bxc5 15. Bb2 Qe7 $13) 10... Qe7 11. Rfd1
{Draw offer.} Rad8 $5 12. Rac1 (12. cxd5 {should be met by} exd5 $13 (12...
cxd5 $2 13. Nb5 Rc8 14. Qb1 $16)) 12... h6 $5 {A provocative move.} (12... a6
13. e4 dxe4 14. Nxe4 Nxe4 15. Qxe4 Nf6 16. Qc2 (16. Qh4 Ba3 17. Rc2 Bxb2 18.
Rxb2 Qa3 19. Rbd2 c5 20. dxc5 Rxd2 21. Rxd2 Bxf3 22. Bxf3 bxc5 $132) 16... c5
17. Ne5 Qc7 18. Bf3 cxd4 19. Bxd4 Bxe5 20. Bxe5 Qxe5 21. Bxb7 a5 22. Bf3 Qc5
$13) 13. g3 $5 {Both sides are coming up with waiting moves.} (13. cxd5 exd5 $1
{I doubt if white can ever make use of f5's weakness.} (13... Nxd5 $6 14. Ne4 (
14. e4 Nf4) 14... Bb8 $14 {is a a little bit passive.}) 14. Nh4 Qe6 15. Bd3
Rfe8 16. Bf5 Qe7 17. Bh3 g6 $13) 13... a6 14. Bf1 $5 Rc8 {Time to adjust rooks
position.} (14... dxc4 $6 15. bxc4 c5 16. d5 $1 (16. Bg2 cxd4 17. exd4 Rc8 18.
Qe2 Rc7 19. Nb1 $5 Rfc8 20. Re1 Bb4 21. Red1 $15) 16... exd5 17. Nxd5 Nxd5 18.
cxd5 $40) 15. Bg2 Rfd8 16. e4 {The most natural move. White aims for a Catalan
type of set up with his double fianchetto.} (16. Nd2 {Drasko} e5 17. dxe5 Nxe5
18. cxd5 cxd5 19. Qb1 Bb4 20. Nf3 (20. Qf5 $2 g6 21. Qb1 d4 22. exd4 Bxg2 23.
Kxg2 Qb7+ 24. Kg1 Rxd4 25. Nce4 Nxe4 26. Rxc8+ Qxc8 27. Nxe4 Qh3) 20... Nxf3+
21. Bxf3 d4 22. Bxb7 Qxb7 23. Rxd4 Rxd4 24. exd4 Qf3 25. Na4 Re8 26. Nc3 Ng4
27. Rc2 Bxc3 28. Bxc3 Nf6 29. Bd2 Nd5 30. Rc1 h5 31. Re1 (31. h4 g5 32. Re1
Rxe1+ 33. Qxe1 gxh4 34. Qe5 Qd1+ 35. Kg2 h3+ 36. Kh2 Qf3 37. Qg5+ $11) 31...
Rxe1+ 32. Qxe1 h4 33. h3 hxg3 34. fxg3 f6 $44) (16. Ne1 a5 $5) 16... Nxe4 17.
Nxe4 dxe4 18. Qxe4 Nf6 19. Qe2 (19. Qh4 Ba3 $132) 19... c5 20. Ne5 cxd4 21.
Rxd4 {He wants to keep d file open.} (21. Bxb7 Qxb7 22. Bxd4 (22. Rxd4 Bc5 23.
Rxd8+ Rxd8 24. Rd1 Rxd1+ 25. Qxd1 Qa8 $1 26. Qd3 Ne4 27. Bd4 a5 28. Qe3 f6 29.
Bxc5 Nxc5 30. Nd7 Qc6 31. Nxc5 bxc5 $11) 22... b5 23. c5 Bxe5 24. Bxe5 Rxd1+
25. Qxd1 Ne4 26. f4 Rxc5 27. Rxc5 Nxc5 28. Qd8+ Kh7 29. Qf8 f6 30. Qxc5 fxe5
31. Qxe5 Qc6 $11) 21... Bc5 22. Rd3 $6 {This will give him a slightly worse
game.In post-mortem he came up with the right idea.} (22. Rxd8+ $142 Rxd8 23.
Rd1 (23. Nc6 $6 Bxc6 24. Bxc6 Ba3 $15) 23... Bxg2 (23... Rxd1+ $5 24. Qxd1 Ne4
(24... Bxg2 $6 25. Kxg2 Ne4 26. Nd3 Qd7 27. Qe2 $16) 25. Nd3 Ba3 26. Bxa3 Qxa3
27. Qe1 Nd6 28. Qe3 (28. Bxb7 Nxb7 29. Qe3 Nc5 $11) 28... Qxa2 29. Bxb7 Nxb7
30. Qxb6 Qb1+ 31. Kg2 Qxd3 32. Qxb7 g5 33. c5 g4 34. b4 Kg7 35. h4 gxh3+ 36.
Kxh3 Qf1+ 37. Qg2 Qb5 38. Qe4 Qf1+ $11) 24. Rxd8+ Qxd8 25. Kxg2 a5 26. Qd3 Qc7
27. Qf3 Bd6 28. Qa8+ Kh7 29. Nc6 Nd7 30. Nd4 Bc5 31. Nb5 Qb8 32. Qf3 Kg8 33.
Qg4 Bf8 $11) 22... Rxd3 23. Nxd3 Bxg2 24. Kxg2 Ba3 25. Bxa3 (25. Bxf6 $2 Qb7+
26. Kg1 Bxc1 27. Qg4 Bg5 $8 $19) 25... Qxa3 26. Rd1 b5 27. Ne5 Qc5 $1 {Black
should not allow the rook in.} (27... bxc4 28. Nxc4 Qc5 29. Rd6 $1 $16) 28. Rd3
bxc4 29. Nxc4 {Solid!} (29. bxc4 $142 $1 Ne8 {During the game I have thought
that it was a great move but white has some real tactical shot down in line.}
30. Qh5 $1 (30. Qe3 $2 Qxe3 31. Rxe3 f6 32. Nd3 Kf7 33. c5 Nc7 $17) (30. Rd7 $2
f6 31. Nf3 Qxc4 (31... e5 $5) 32. Qxc4 Rxc4 33. Nd4 Nc7 $17) 30... Nd6 (30...
g6 $6 31. Qe2 Nd6 32. Nxg6 $1 fxg6 (32... Nxc4 33. Nf4 $16) 33. Qxe6+ Nf7 34.
Qxg6+ Kf8 35. Rf3 Qxc4 36. Qxh6+ $16) 31. Rxd6 Qxd6 32. Qxf7+ Kh7 $1 (32... Kh8
33. f4 $5 $36 (33. Qb7 Rc7 34. Nf7+ Rxf7 35. Qxf7 Qc6+ 36. Kh3 Qxc4 37. a3 $11)
) 33. Qg6+ (33. f4 Rf8 34. Qg6+ Kg8 35. Kh3 $13) 33... Kg8 $11) 29... Nd5 30.
Qf3 Rd8 {Preventing Ne3.} 31. h3 a5 32. Kg1 {He started to play some strange
looking moves.} (32. a4 Rb8 33. Ne3 $11) 32... Rf8 $5 (32... a4 33. Ne3 a3 34.
b4 Qxb4 35. Nxd5 exd5 36. Rxd5 $11) (32... Qc7 33. a4 $11 {gives an
unbreakable position as usual.} (33. Ne3 Nc3 34. Rxd8+ Qxd8 35. a4 Qb8 36. Nd1
Nd5 37. Nb2 $11)) 33. Qe4 $138 Rc8 34. Qd4 {Another critical position in the
game.} Qxd4 ({I should try to keep the queens in the game since he was low on
time and looking very agitated.} 34... Qb4 35. a4 (35. a3 {I have refused the
line because of this. However it ought to give me some advantage.} Qe1+ 36. Kh2
(36. Kg2 Rd8 37. Rd2 Rd7 38. Rb2 Rc7 39. a4 $11) 36... a4 37. bxa4 Rxc4 38.
Qxc4 Qxf2+ 39. Kh1 Ne3 40. Rxe3 Qxe3 41. Kg2 Qxa3 42. Qb5 $11) 35... Qe1+ 36.
Kg2 Rd8 37. Rd2 Rd7 38. Rb2 Qb4 39. Qe4 $11 {but still contains some game.})
35. Rxd4 Nc3 36. Rd2 ({The active} 36. Rd7 {also provides white with a share
in the game.} Nxa2 37. Nxa5 Nc3 $1 38. Kg2 Ne4 39. Rd4 f5 40. Rc4 Rd8 41. Rc2
Rb8 42. f3 $11) 36... a4 37. Rc2 (37. Nb6 axb3 38. axb3 Rb8 39. Rc2 Nd5 (39...
Nb5 40. Nd7 $11) 40. Nxd5 exd5 $11) (37. Kg2 $5 $11 {Anything is equal.}) 37...
axb3 (37... Nxa2 $4 {would be a bad blunder.} 38. Rxa2 axb3 39. Ra4 $8 {
I did not miss this!} Rb8 (39... Rd8 40. Rb4 Rd4 41. Rb8+ Kh7 42. Na5 $18) 40.
Nb2 $18) 38. axb3 Ne4 39. b4 Kf8 40. Ne3 ({He almost blundered into.} 40. Kf1
$4 Rxc4 $19) 40... Rb8 41. Rb2 Ke7 42. Kg2 (42. b5 $2 Nc3 43. b6 Na4 $17) 42...
Rb5 43. h4 f5 (43... Nc5 $6 44. Nc2 e5 45. Ra2 Nd3 46. Ra7+ Ke6 47. Ra3 $36 {
leads for nothing good for black.}) 44. Kf3 g5 45. hxg5 hxg5 46. g4 Nf6 (46...
Nd6 47. gxf5 exf5 48. Ke2 $11) 47. gxf5 exf5 48. Ra2 $1 {He threatens checks
doen on the file or Ra5.} g4+ (48... Nh5 $5 {is tricky but is a draw.} 49. Ra5
g4+ 50. Nxg4 $11) 49. Kf4 Rxb4+ 50. Kxf5 Rb5+ 51. Kf4 (51. Kg6 Ne4 $11 {
is also equal.}) 51... Rb4+ {Here something funny has happened he has offered
me a draw while he was still on the move. Anyway the position is so drawish I
have reacted by a handshake.} 1/2-1/2

[Event "Augsburg"]
[Site "Augsburg"]
[Date "2005.01.02"]
[Round "7"]
[White "Atalik, Suat"]
[Black "Wolfsteiner, Helmut"]
[Result "1/2-1/2"]
[WhiteElo "2541"]
[BlackElo "2352"]
[Annotator "Atalik,S"]
[PlyCount "119"]
[EventDate "2004.12.27"]
[EventType "tourn"]
[EventRounds "11"]
[EventCountry "GER"]
[EventCategory "8"]
[SourceTitle "CBM 104 Extra"]
[Source "ChessBase"]
[SourceDate "2005.03.01"]
[SourceVersion "1"]
[SourceVersionDate "2005.03.01"]
[SourceQuality "1"]

1. d4 d5 2. c4 c6 3. Nc3 Nf6 4. e3 e6 5. Nf3 Nbd7 6. Be2 $5 {The key move in
the new Epishin System which I have prepared for the Meran.} Bd6 7. a4 $5 O-O
8. O-O dxc4 (8... a5 9. Qc2 $14 {does not give white much either.}) 9. Nd2 {
The position and the ideas in it are well known but sort of forgotten after
Portisch has employed it in their 1989 match.} e5 10. Nxc4 Bc7 11. a5 $1 (11.
b3 exd4 12. Qxd4 Nb6 $11) 11... Qe7 12. Qc2 (12. b3 $6 Rd8 13. Ba3 Qe6 $15 {
does not have a good follow up for white since Ba3 is slightly misplaced.})
12... Re8 (12... e4 $6 13. f3 exf3 14. Bxf3 Re8 15. e4 $16) 13. Rd1 exd4 (13...
e4 $6 14. f3 exf3 15. Bxf3 Nf8 16. a6 $16) 14. exd4 Nd5 $5 {An interesting
alternative probing white's first rank weakness.} (14... Nf8 15. g3 Ng6 16. Bf3
Bh3 (16... Be6 17. Ne3 $13) 17. Be3 $13) 15. Nxd5 cxd5 16. Ne3 Nf6 17. Bf3 {
I have seen his shot but I had no better alternative.} (17. Bb5 $6 Bd7 18. Qxc7
Bxb5 19. Qxe7 Rxe7 $15) (17. g3 Bh3 $13) 17... Bg4 $1 18. Bxg4 Nxg4 19. g3 Nxe3
20. Bxe3 {I was comparing the power of two bishops. My bishop does not look
great since he has the same color with my own pawns but this also restricts
the scope of his bishop.} Qd7 (20... Rac8 $6 21. Qc5 $1 $16) 21. Rdc1 $1 (21.
Qb3 Bd8) 21... Rac8 22. Qb3 Bb8 (22... b6 $6 23. Rc3) 23. Rc3 $1 {Only now I
have realised that my preplaned move will not be effective.} (23. Rxc8 $6 Rxc8
24. Ra4 Bd6 $1 $17) 23... h5 $1 $132 {Helmut seizes his chances in white's
weakened kingside.} 24. Rac1 Rxc3 25. Rxc3 h4 26. Rc5 $8 {After a slow start
for both sides all of a sudden the game became extremely sharp. This turn of
events is typical in GM Epishin's games as well.} Qg4 (26... Qh3 27. Qxd5 hxg3
28. hxg3 Bxg3 29. Qg2 Qxg2+ (29... Qg4 $6 30. Rc1 Re4 31. Kf1 $16) 30. Kxg2 Bd6
$14) 27. Qxd5 $8 {The correct capture.} (27. Rxd5 $2 h3 $1 (27... Bf4 $6 28. h3
Qg6 29. Bxf4 Re1+ 30. Kg2 Qe4+ 31. Qf3 Rg1+ 32. Kxg1 Qxf3 33. Rd8+ Kh7 34. d5
$132) (27... hxg3 $2 28. hxg3 Qf3 (28... Bxg3 $2 29. Rg5 Bxf2+ 30. Kxf2 Qh4+
31. Ke2 Qh2+ 32. Kd1 Qh1+ 33. Kd2 Qh2+ 34. Kc1 $18) 29. Qb5 Qe4 30. Bd2 $16) (
27... Qf3 $6 28. Qb5 Re4 (28... Qe4 29. Re5 Rxe5 30. dxe5 h3 31. Qf1 Bxe5 32.
Qxh3 Bxb2 33. Qc8+ Kh7 34. Bxa7 Qe1+ 35. Kg2 Qxa5 36. Qxb7 Qa2 $14) 29. Rd8+
Kh7 30. Rxb8 hxg3 31. hxg3 Rxe3 32. fxe3 Qxg3+ 33. Kf1 Qf3+ $1 34. Ke1 Qxe3+
35. Qe2 (35. Kd1 Qg1+ 36. Ke2 Qh2+ 37. Kd3 Qxb8 38. Qf5+ Kg8 39. Qd7 $11) 35...
Qg3+ 36. Qf2 Qxb8 37. Qxf7 $11) 28. Qb5 Qe4 29. Kf1 Bxg3 $1 $19) 27... Bf4 $5 {
I was also counting on this move.} (27... hxg3 28. hxg3 Bxg3 29. Qf5 (29. Qh5
Qe4 30. Qd5 Qg4 $11) (29. Qg2 Qd1+ 30. Qf1 Qf3 (30... Bh2+ 31. Kg2 Qxf1+ 32.
Kxf1 Bd6 $14) (30... Qg4 31. Qg2 (31. Rg5 Bxf2+ 32. Kxf2 Qh4+))) 29... Qxf5 (
29... Qh4 $2 30. Rc8 $16) (29... Qd1+ $2 30. Kg2 Bd6 31. Rc8 $16) 30. Rxf5 Bd6
31. Rb5 Re7 32. Kg2 $14 (32. d5 a6 33. Rb6 Rd7 34. Kg2 Be7 (34... f5 35. b4 $14
) 35. Bf4 (35. b4 $2 Bd8 $19) 35... g5 36. Bb8 f5 37. d6 Bd8 38. Bc7 Bxc7 39.
Rxb7 Rxd6 40. Rxc7 Rd5 41. b4 Rb5 $11)) 28. Qf5 $8 Qxf5 29. Rxf5 Bxe3 30. fxe3
hxg3 $6 {Helmut misses an immediate draw!} (30... Rxe3 $142 $1 31. Rb5 b6 32.
axb6 axb6 33. Rxb6 Rd3 34. gxh4 Rxd4 $11) 31. Rb5 $1 (31. Rf3 gxh2+ 32. Kxh2
Rc8 33. Kg3 Rc2 34. e4 Rxb2 35. d5 $44 {gives only some compensation for white.
}) 31... gxh2+ 32. Kxh2 b6 $1 (32... Rxe3 $2 33. Rxb7 Rd3 34. Rxa7 Rd2+ 35. Kg3
Rxb2 36. a6 Rb6 37. Ra8+ Kh7 38. a7 $18) 33. axb6 axb6 34. Rb3 $1 (34. Rxb6
Rxe3 $11) 34... Re6 $14 {White should have some slight edge due to central
pawns but how to prove it?} 35. Kg3 Kf8 36. Kf4 (36. d5 $6 Re5 $1 37. d6 Ke8
38. Rxb6 Kd7 39. Kf4 Rd5 40. Rb7+ Kxd6 41. Rxf7 Rb5 $11) 36... Ke7 37. e4 Rh6
$1 {Helmut shows good understanding in this rook ending. Black's rook should
harass white's king and central pawns laterally.} 38. d5 $1 {I did not see
anything more effective than that.} (38. Rb5 Rh4+ 39. Ke3 Rh3+ 40. Kd2 Rh6 41.
d5 g5 $132) 38... Rh4+ 39. Ke5 f6+ 40. Kd4 f5 41. Ke5 $1 (41. Rxb6 Rxe4+ 42.
Kc5 Re2 43. b4 g5 44. Rg6 g4 45. b5 Kf7 46. Rg5 Kf6 47. Rg8 Kf7 $11) 41... fxe4
$6 {Another move which prolongues the game.} (41... Rxe4+ $142 42. Kxf5 Re2 43.
Rxb6 g6+ $1 44. Kf4 g5+ 45. Kf5 g4 46. b4 g3 47. Rg6 g2 $11) 42. Rxb6 (42. Rg3
$6 Rh5+ (42... Kf7 $2 {Passive.} 43. b4 b5 44. Ra3) 43. Kxe4 Rh4+ 44. Ke5 Rh5+
45. Kd4 Rh4+ $11) 42... e3 43. d6+ Kd7 44. Rb7+ Kd8 (44... Kc6 $5 45. Rc7+ Kb6
46. Rc3 e2 47. Re3 Kc6 48. Rxe2 Kd7 49. Rd2 Rh6 $11 {should also end up in a
draw.}) 45. Kd5 $1 (45. Rxg7 e2 $11) (45. Ke6 $2 Re4+ 46. Kd5 e2 $19) (45. Re7
Rb4 $11) 45... Re4 $5 {This natural move looked very risky to me during the
game. However probably Helmut and the spectators did not see my next.} (45...
Rh1 46. Re7 Rb1 47. Kc6 Rc1+ 48. Kb5 Re1 49. Rxg7 e2 50. Re7 Rd1 $11) 46. b3 $3
{It is a miracle that this does not win.} (46. Rb8+ Kd7 47. Rb7+ Kd8 $11) 46...
e2 {unfortunately despite of its impact my move fails short to give a dammage
since the forcing nature of the position leads to a strange draw.} 47. Kc6 Ke8
48. d7+ Ke7 49. Rb8 $8 (49. Kc7 $2 {It is a pity that I can not throw the king
forward in order to keep my rook on the 7th.} Rd4 $1 (49... e1=Q $2 50. d8=Q+
Kf7 51. Kc8+ Re7 (51... Kg6 52. Qd6+ Re6 53. Qd3+ Qe4 54. Qg3+ Kh5 55. Rb5+ Kh6
56. Qh3+ Kg6 57. Qh5+ Kf6 58. Qg5+ Kf7 59. Rb7+ Re7 60. Qxe7+ Qxe7 61. b4 Qxb7+
62. Kxb7 g5 $11)) 50. Kc8 Kf6 $19) 49... e1=Q (49... Re6+ 50. Kc7 e1=Q 51.
d8=Q+ Kf7 52. Qd5 $1 Qe5+ $11) 50. d8=Q+ {The excitement reached its peak but
still the draw is the outcome in this endgame with queens.} Kf7 51. Rb7+ Re7 $1
{Simplest!} (51... Kg6 52. Qd3 $1 Qe2 53. Qg3+ Qg4 (53... Rg4 54. Qd6+ Kh5 55.
Qd5+ Rg5 56. Qf7+ g6 57. Qh7+ Kg4 58. Rb4+ Kf3 59. Qh3+ Rg3 60. Qh1+ Rg2 61.
Qh3+ Rg3 $11) 54. Qxg4+ Rxg4 55. b4 Rc4+ 56. Kd5 Rc1 57. b5 Kf6 58. Rb8 g5 59.
b6 Rb1 60. Kc6 Kf5 61. b7 g4 $11) 52. Qd5+ (52. Rxe7+ Qxe7 53. Qd5+ Qe6+ 54.
Qxe6+ Kxe6 55. b4 g5 $11) 52... Qe6+ 53. Qxe6+ Kxe6 54. Rxe7+ Kxe7 {The
position has only some optical resemblence with Duras' famous endgame study
which has W:Kb4,Pb2 vs B:Kh6,Pg7.} 55. b4 g5 (55... Kd8 56. Kb7 g5 57. b5 g4
58. b6 g3 59. Ka8 g2 60. b7 g1=Q 61. b8=Q+ $11) 56. b5 g4 (56... Kd8 57. Kd5
$11 (57. Kb7 g4 58. b6 g3 59. Ka8 g2 60. b7 g1=Q 61. b8=Q+ $11)) 57. b6 g3 {
So we promote our pawns to queen at the same time.} 58. b7 g2 59. b8=Q g1=Q 60.
Qd6+ 1/2-1/2